| 000 | 00496cam a22001814a 4500 | ||
|---|---|---|---|
| 005 | 20250605163536.0 | ||
| 008 | 250528s ||||||||||||||||||||||||d | ||
| 035 | _a21424 | ||
| 040 |
_aGR-AtMCL _bgre _dGR-AtMCL _eAACR2 |
||
| 245 | 1 | _aΜΙΚΡΟΥΠΟΛΟΓΙΣΤΕΣ ΚΑΙ BASIC ΓΙΑ ΑΡΧΑΡΙΟΥΣ | |
| 250 | _a1 | ||
| 260 |
_bΑυτοεκδοση, _c1986 |
||
| 300 | _a159 | ||
| 700 | 1 | _aΒατικιωτης Αντωνης | |
| 942 | _cBK | ||
| 999 |
_c6486 _d6486 |
||